| 000 | 00794cam a22002051 4500 | ||
|---|---|---|---|
| 003 | OSt | ||
| 005 | 20140922140357.0 | ||
| 008 | 851024s1996 gtm spa | ||
| 040 | _cBMC | ||
| 082 | _a346.015728 | ||
| 111 | 2 |
_920280 _aCongreso Mundial sobre Derecho de Familia _cPanamá _d1996 _n9° |
|
| 245 | 1 | 3 |
_aEl derecho de familia en la legislación comparada Centroamericana _cIX Congreso Mundial sobre Derecho de Familia |
| 260 |
_aGuatemala _bParlamento Centroamericano : UNICEF _c1996 |
||
| 300 |
_a1 v. (pag. var.) _c22 x 33 cm |
||
| 597 | _1Ejemp. es fotocopia enc. en tapa rústica | ||
| 650 | 2 | 4 |
_aDerecho de familia _zAmérica central _915910 |
| 710 | 2 |
_95744 _aParlamento Centroamericano _bDirección de Derecho Comparado |
|
| 710 | 2 |
_95417 _aUNICEF |
|
| 942 |
_2ddc _cBK _hahoj |
||
| 999 |
_c11079 _d11079 |
||